01330nam a2200289 a 450000100100000000500170001000800410002702000180006804000250008608200200011110000470013124501030017826000490028130000250033049000270035550000630038259000260044565000280047165000310049970000470053083000340057791000370061195201330064895201180078195201240089999900170102300003848620240412074259.0130412s2012 dr 000 p spa d a9789945005615 aDO-SdBNPbspacBNPHU aRD861.44bG887e1 aGrullón de la Mota, Rafael Arturo96483410aEmociones /cRafael Arturo de Js. Grullón de la Mota ; prólogo Reynolds Jossef Pérez Stefan. aSanto Domingo :bImpresora Universal,c2012. axi, 116 p. ;c22 cm.1 aSociedad la progresiva aIncluye datos biográficos del autor en la contracubierta aInventariado, 2018/LP 0aPoesía dominicana966 0aLiteratura dominicana.96712aPérez Stefan, Reynolds Jepról.938778 0aSociedad la progresiva964836 aValidado. Control de calidad MFF 001054708DSaGRbGRcHDd2013-04-12iLF1l0oRD861.44 G887ep38486-30r2020-06-25te. 3w2020-06-25yLFDSZPréstamo en sala 0010718PDaPDbPDcHDd2013-04-12iLF1l0oRD861.44 G887ep38486-10r2020-06-25w2020-06-25yLFPDZNo se presta 0010718PDaPDbPDcHDd2013-04-12iLF1l0oRD861.44 G887ep38486-20r2020-06-25te. 2w2020-06-25yLFPDZNo se presta c37976d37976